Science Quiz

Random Science or World Quiz

Life histories of the birds of the world, I-III Quiz Stats

 Plays Quiz not verified by Sporcle

Score 0/194 Timer 15:00
0 Plays Today
Family/trait details % Correct
Species of Rheidae2
33.3%
Range of ApterygidaeNew Zealand
27.8%
Species of Struthionidae1
22.2%
Range of StruthionidaeAfrica
22.2%
Species of Casuariidae3
22.2%
Range of CasuariidaeNew Guinea, Australia
22.2%
Range of Phasianidaeworldwide
22.2%
Reproduction of Aegothelidaemonogamous biparental care cavity nest
22.2%
Species of Heliornithidae3
22.2%
Range of MusophagidaeAfrica
22.2%
Eggs of Rheidae11-18
16.7%
Range of Rheidaesouthern south america
16.7%
Reproduction of Apterygidaemale inc burrow nest
16.7%
Species of Megapodiidae12
16.7%
Diet of Phasianidaeomnivorous
16.7%
Species of Anhimidae3
16.7%
Species of Anseranatidae1
16.7%
Range of Anatidaeworldwide
16.7%
Eggs of Phaethontidae1
16.7%
Diet of Phaethontidaefish
16.7%
Species of Steatornithidae1
16.7%
Diet of Nyctibiidaeinsects
16.7%
Range of Apodidaeworldwide
16.7%
Reproduction of Hemiprocnidaenest glued to branch
16.7%
Species of Opisthocomidae1
16.7%
Reproduction of Aramidaemonogamous biparental care
16.7%
Species of Gruidae15
16.7%
Range of Gruidaeworldwide
16.7%
Species of Gaviidae4
16.7%
Eggs of Struthionidae10
11.1%
Reproduction of Struthionidaepolygamous 30-40
11.1%
Reproduction of Rheidaepolygynandrous 80
11.1%
Species of Tinamidae47
11.1%
Species of Apterygidae1
11.1%
Eggs of Megapodiidae5-35 in mound
11.1%
Range of Numididaesub-saharan Africa
11.1%
Eggs of Odontophoridae3-15
11.1%
Eggs of Anseranatidae10
11.1%
Reproduction of Anseranatidaemale with two females
11.1%
Species of Podicipedidae20
11.1%
Species of Phoenicopteridae6
11.1%
Range of Phoenicopteridaesouthern hemisphere
11.1%
Species of Phaethontidae3
11.1%
Species of Pteroclidae16
11.1%
Species of Mesitornthidae3
11.1%
Range of MesitornthidaeMadagascar
11.1%
Reproduction of Columbidaemonogamous flimsy nest
11.1%
Range of Columbidaeworldwide
11.1%
Reproduction of Steatornithidaemonogamous biparental care cave nest
11.1%
Diet of Steatornithidaeoily palm fruit
11.1%
Eggs of Nyctibiidae1
11.1%
Range of Nyctibiidaeneotropics
11.1%
Reproduction of Podargidaemonogamous biparental care flimsy stick nest
11.1%
Diet of Caprimulgidaeinsects
11.1%
Species of Aegothelidae8
11.1%
Eggs of Aegothelidae3-4
11.1%
Species of Trochilidae341
11.1%
Species of Hemiprocnidae4
11.1%
Eggs of Hemiprocnidae1
11.1%
Range of Opisthocomidaenorthern South America
11.1%
Species of Otididae24
11.1%
Range of OtididaeEurasia Africa Australia
11.1%
Range of Cuculidaeworldwide
11.1%
Species of Aramidae1
11.1%
Range of Aramidaeneotropics
11.1%
Family/trait details % Correct
Eggs of Gruidae2
11.1%
Reproduction of Rallidaemonogamous biparental
11.1%
Range of Rallidaeworldwide
11.1%
Diet of Musophagidaefruit and leaves
11.1%
Diet of Gaviidaefish
11.1%
Species of Spheniscidae18
11.1%
Diet of Spheniscidaefish
11.1%
Range of Spheniscidaesouthern hemisphere
11.1%
Reproduction of Oceanitidaeburrow nest
11.1%
Range of Oceanitidaesouthern oceans
11.1%
Reproduction of Hydrobatidaeburrow nest
11.1%
Reproduction of Procellariidaeburrow nest
11.1%
Eggs of Tinamidae1-12 glossy
5.6%
Eggs of Casuariidae5-15
5.6%
Reproduction of Casuariidaemonogamous male inc nidifugous
5.6%
Diet of Casuariidaefruit (cassowaries) catholic (emu)
5.6%
Eggs of Apterygidae1-2 huge
5.6%
Diet of Apterygidaeworms etc
5.6%
Range of MegapodiidaeAustralia and islands
5.6%
Eggs of Cracidae2-3 white
5.6%
Reproduction of Cracidaefemale inc biparental
5.6%
Diet of Cracidaefruits and leaves
5.6%
Range of Cracidaeneotropics
5.6%
Species of Numididae7
5.6%
Diet of Numididaeseeds and inverts
5.6%
Species of Odontophoridae31
5.6%
Range of Odontophoridaepan-American
5.6%
Diet of Anseranatidaegrasses and seeds
5.6%
Range of Anseranatidaenorthern Australia and southern New Guinea
5.6%
Species of Anatidae146
5.6%
Eggs of Podicipedidae2-6 pale unmarked
5.6%
Diet of Podicipedidaefish and inverts and own feathers
5.6%
Eggs of Phoenicopteridae1 white
5.6%
Eggs of Pteroclidae3
5.6%
Reproduction of Pteroclidaemonogamous biparental care scrape nest watering young
5.6%
Eggs of Mesitornithidae1-2
5.6%
Reproduction of Mesitornithidaepolyandrous male care
5.6%
Eggs of Columbidae2
5.6%
Species of Eurypygidae1
5.6%
Eggs of Eurypygidae2
5.6%
Range of Eurpygidaeneotropics
5.6%
Species of Rhynochetidae1
5.6%
Eggs of Rhynochetidae1
5.6%
Reproduction of Rhynochetidaemonogamous biparental care
5.6%
Range of RhynochetidaeNew Caledonia
5.6%
Eggs of Steatornithidae2-4
5.6%
Range of Steatornithidaenorthern South America
5.6%
Species of Nyctibiidae6
5.6%
Reproduction of Nyctibiidaeegg on branch monogamous biparental care
5.6%
Species of Podargidae12
5.6%
Eggs of Podargidae1-3
5.6%
Diet of Podargidaeinsects and small inverts
5.6%
Range of PodargidaeAustralia New Guinea SE Asia
5.6%
Species of Caprimulgidae77
5.6%
Eggs of Caprimulgidae1-2
5.6%
Reproduction of Caprimulgidaemonogamous biparental care ground nest
5.6%
Range of Caprimulgidaeworldwide
5.6%
Diet of Aegothelidaeinsects
5.6%
Range of AegothelidaeAustralia and islands
5.6%
Eggs of Trochilidae2
5.6%
Reproduction of Trochilidaepolygynous female care
5.6%
Diet of Trochilidaenectar and insects
5.6%
Range of Trochilidaeneotropics etc
5.6%
Species of Apodidae83
5.6%
Eggs of Apodidae1-6
5.6%
Family/trait details % Correct
Reproduction of Apodidaemonogamous
5.6%
Eggs of Opisthocomidae2-4
5.6%
Reproduction of Opisthocomidaecooperative biparental care
5.6%
Diet of Opisthocomidaeleaves and fruit
5.6%
Eggs of Otididae1-6
5.6%
Species of Psophiidae3
5.6%
Reproduction of Psophiidaefemale inc tree hole nest
5.6%
Range of PsophiidaeSouth America
5.6%
Diet of Aramidaeapple snails
5.6%
Diet of Gruidaeomnivores
5.6%
Species of Rallidae142
5.6%
Eggs of Rallidae1-14
5.6%
Diet of Rallidaeomnivores
5.6%
Reproduction of Heliornithidaetwig nest above water male care wing pouches
5.6%
Diet of Heliornithidaeinsects
5.6%
Range of HeliornithidaeSouth America Africa Asia
5.6%
Species of Musophagidae18
5.6%
Eggs of Musophagidae2-3
5.6%
Reproduction fo Musophagidaemonogamous biparental care flimsy nest
5.6%
Eggs of Gaviidae2 dark spotted
5.6%
Reproduction of Gaviidaebiparental care
5.6%
Range of Gaviidaeholarcitc
5.6%
Eggs of Spheniscidae1-2
5.6%
Reproduction of SpheniscidaeMonogamous biparental or male only care
5.6%
Species of Oceanitidae6
5.6%
Species of Diomedeidae13
5.6%
Range of Diomedeidaeoceans worldwide
5.6%
Range of Hydrobatidaenorthern oceans
5.6%
Species of Procellariidae70
5.6%
Diet of Struthionidaevegetarian
0%
Reproduction of Tinamidaesequentially polyandrous and polygynous male inc nidifugous
0%
Range of TinamidaeMexico to Patagonia
0%
Reproduction of Megapodiidaemale care for mound
0%
Diet of Megapodiidaeinverts and vegetation
0%
Species of Cracidae44
0%
Eggs of Numididae6-20 pitted
0%
Reproduction of Numididaefemale inc biparental care ground nest
0%
Reproduction of Odontophoridaemonogamous ground or domed nest
0%
Species of Phasianidae174
0%
Eggs of Phasianidae2-20 plain or spotted
0%
Reproduction of Phasianidaepolygynous lekking ground nest
0%
Eggs of Anhimidae4-7
0%
Reproduction of Anhimidaemonogamous biparental care
0%
Range of AnhimidaeSouth America
0%
Reproduction of Anatidaemonogamous female or biparental care some brood parasites
0%
Reproduction of Podicipedidaemonogamous biparental care young ride parents
0%
Range of Podicipedidaeworldwide
0%
Reproduction of Phoenicopteridaemonogamous biparental care mud cone nest nidifugous
0%
Diet of Phoenicopteridaealgae and inverts
0%
Range of Phaethontidaetropical oceans
0%
Range of PteroclidaeEurope Africa Asia
0%
Species of Columbidae303
0%
Reproduction of Eurypygidaebiparental care wet-bulky nest in tree
0%
Diet of Rhynochetidaeinverts esp. worms
0%
Reproduction of Otididaefemale parental care
0%
Species of Cuculidae129
0%
Eggs of Cuculidae2-6
0%
Reproduction of Cuculidaeparasitic or biparental or cooperative
0%
Eggs of Psophiidae6-10
0%
Eggs of Aramidae4-8
0%
Reproduction of Gruidaemonogamous biparental care
0%
Eggs of Heliornithidae2-7
0%
Species of Hydrobatidae12
0%
Range of Procellariidaeoceans worldwide
0%

You're not logged in!

Compare scores with friends on all Sporcle quizzes.
OR
Log In

Show Comments

Extras

Created Feb 15, 2012ReportNominate
Tags:World Quiz, bird, detail, family, life, trait

Top Quizzes Today


Score Distribution

Your Account Isn't Verified!

In order to create a playlist on Sporcle, you need to verify the email address you used during registration. Go to your Sporcle Settings to finish the process.

Report this User

Report this user for behavior that violates our Community Guidelines.

Details: